000 01388nam a22003017a 4500
003 PE SENCICO BE
005 20251020182649.0
008 240110b |||||||| |||| 00| 0 eng d
040 _aPE SENCICO BE
_cPE SENCICO BE
041 _aspa
084 _aI
_aDIS
_a2016
_bP45
100 1 _91861
_aPerez Valderrama, Karla Stefanny
_eautor
245 1 _aTeoría del color y su aplicación en espacios interiores /
_cKarla Stefanny Perez Valderrama
246 _aProyecto del hotel : hotel Libertador Palacio del Inca Cusco Perú
260 _aLima :
_c2016
300 _a2 v. :
_bil. col. ;
_c30 cm.
500 _aTexto en dos volúmenes. El volumen 2 contiene planos (30 x 40 cm.).
502 _aMonografía de Titulación.-- Servicio Nacional de Capacitación para la Industria de la Construcción. Escuela Superior Técnica. Carrera Profesional Técnica en Diseño de Interiores, 2016
505 0 _av. 1: Teoría del color y su aplicación en espacios interiores -- v. 2: Proyecto del hotel : hotel Libertador Palacio del Inca Cusco Perú
650 1 0 _91793
_aColor en el diseño
650 2 0 _99
_aEspacios interiores
650 2 0 _944
_aDiseño de interiores
650 2 0 _91806
_aHoteles
650 2 0 _9615
_aPlanos
710 1 _aServicio Nacional de Capacitación para la Industria de la Construcción.
_bEscuela Superior Técnica
_91065
910 _bhfp
_chfp
942 _cMON
999 _c4492
_d4492